Il concilio il di Lione: 1274, secondo la Ordinatio Concilii generalis Lugdunensis
Gardado en:
| Autor Principal: | |
|---|---|
| Formato: | Libro |
| Idioma: | Lingua italiana |
| Publicado: |
Roma
Francescane
1965
|
| Subjects: | |
| Tags: |
Engadir etiqueta
Sen Etiquetas, Sexa o primeiro en etiquetar este rexistro!
|
MARC
| LEADER | 00000nam a2200000 a 4500 | ||
|---|---|---|---|
| 001 | UCL2436 | ||
| 003 | CL-VaPUC | ||
| 008 | 031024e19650000IT |||||||||||||||||ita|d | ||
| 082 | 0 | 4 | |a 262.5 |b FRA |2 21 |
| 100 | 0 | |a Franchi, Antonino |e author |9 479521 | |
| 245 | 1 | 3 | |a Il concilio il di Lione: 1274, secondo la Ordinatio Concilii generalis Lugdunensis |
| 300 | |a 188 p | ||
| 942 | |c BK | ||
| 945 | |d 20031024 00:00:00 |a vberengu | ||
| 260 | |a Roma |b Francescane |c 1965 | ||
| 650 | 0 | |a Concilios |9 315984 | |
| 583 | |a last modification |c 20031024 00:00:00 |k Rodrigo Vera | ||
| 999 | |c 305743 |d 305741 | ||
| 952 | |0 0 |1 0 |4 0 |6 262_500000000000000_FRA_1965 |7 0 |8 A |9 370109 |a BIBTEO |b BIBTEO |d 2019-11-21 |i 2090791 |o 262.5 FRA 1965 |p 2090791 |r 2025-01-17 |w 2019-11-21 |y BK |k ICR | ||